Biggest Cities of Aragon in 1450 with a Map - Statistics

General Stats
  • This quiz has been taken 144 times
  • The average score is 12 of 21
Answers on the Map
Answers color-coded by a green-red scale on the quiz's map according to % correct below.
 
Answer Stats
Population Cities % Correct
35,000 Barcelona
99%
60,000 Valencia
99%
75,000 Naples
98%
35,000 Palermo
97%
11,000 Ciutat de Mallorca (Palma de Mallorca)
90%
20,000 Zaragoza
89%
8,000 Syracuse
88%
22,000 Messina
83%
10,000 Catania
74%
8,000 Taranto
65%
13,000 Sassari
59%
11,000 Lecce
48%
11,000 Trapani
39%
12,000 Capua
28%
8,000 Noto
21%
8,000 Xàtiva
17%
8,000 Sciacca
14%
9,000 Aversa
12%
8,000 Caltagirone
12%
9,000 Piazza Armerina
12%
13,000 Morella
10%
No matching quizzes found
Score Distribution
Percent of People with Each Score
Percentile by Number Answered
Your Score History
You have not taken this quiz